[Event "Junior Online 4NCL Division 4"]
[Site "online"]
[Date "2021.09.16"]
[EventDate "2021.09.16"]
[Round "3.231"]
[White "Platt, Bella"]
[WhiteElo "751"]
[WhiteTeam "Knights of Fishponds"]
[Black "Singh-Raj, Aryan"]
[BlackElo "1154"]
[BlackTeam "JHJ Shark Tank 8"]
[Result "0-1"]
[PlyCount "52"]

1. e4 e5 2. Nf3 Nf6 3. Nxe5 Bc5 4. Nc3 d6 5. Nf3 Bg4 6. h3 Bxf3 7. Qxf3 Nc6 8. Bc4 Nd4 9. Qd1 b5 10. Bxb5+ c6 11. Bxc6+ Nxc6 12. Nd5 Nxe4 13. d3 Nxf2 14. O-O Nxd1+ 15. Kh2 Nf2 16. Kg1 Nxh3+ 17. Kh2 Nf2 18. Re1+ Kd7 19. Be3 Ng4+ 20. Kg3 Nxe3 21. Nxe3 Qg5+ 22. Kf3 Ne5+ 23. Ke4 d5+ 24. Kxd5 Bxe3 25. Ke4 Qf4+ 26. Kd5 Qd4# 0-1

[Event "Junior Online 4NCL Division 4"]
[Site "online"]
[Date "2021.09.16"]
[EventDate "2021.09.16"]
[Round "3.232"]
[White "Bryant, Amelie"]
[WhiteElo "1209"]
[WhiteTeam "JHJ Shark Tank 8"]
[Black "McAllister, Frazer"]
[BlackElo "850"]
[BlackTeam "Knights of Fishponds"]
[Result "1-0"]
[PlyCount "55"]

1. d4 f5 2. Nf3 Nf6 3. c3 g6 4. Bf4 Bg7 5. e3 O-O 6. Bc4+ e6 7. Nbd2 Nc6 8. Ne5 Nxe5 9. Bxe5 d6 10. Bf4 Bd7 11. O-O d5 12. Bd3 Nh5 13. Qf3 Nxf4 14. Qxf4 Qf6 15. Qxc7 Qh4 16. Qxd7 Rf7 17. Qxe6 g5 18. Bxf5 Kf8 19. Qd6+ Re7 20. Qxd5 g4 21. Nc4 Rf7 22. Be6 Rf6 23. Ne5 Rh6 24. Nxg4 Re8 25. Nxh6 Qxh6 26. Qf5+ Ke7 27. Qf7+ Kd6 28. Qd7# 1-0

[Event "Junior Online 4NCL Division 4"]
[Site "online"]
[Date "2021.09.16"]
[EventDate "2021.09.16"]
[Round "3.234"]
[White "Bradshaw, Cleo"]
[WhiteElo "1042"]
[WhiteTeam "JHJ Shark Tank 8"]
[Black "Huke, Senna"]
[BlackElo "850"]
[BlackTeam "Knights of Fishponds"]
[Result "1-0"]
[PlyCount "125"]

1. e4 c5 2. Bc4 e6 3. Nf3 g6 4. d3 Bg7 5. Bf4 Nc6 6. Nc3 Nf6 7. Be5 O-O 8. O-O Re8 9. Re1 d6 10. Bxf6 Bxf6 11. Qc1 e5 12. Nd5 Bg7 13. Ng5 Rf8 14. Re3 h6 15. Nf3 a6 16. c3 b5 17. Bb3 a5 18. Qe1 a4 19. Bc2 b4 20. cxb4 cxb4 21. Rd1 b3 22. axb3 axb3 23. Bxb3 Rb8 24. Qc3 Ra8 25. Qxc6 h5 26. Qxa8 Bg4 27. Qxd8 Rxd8 28. Ne7+ Kf8 29. Nxg6+ Ke8 30. Ngh4 Rb8 31. h3 Bxf3 32. Nxf3 Rxb3 33. d4 Rxe3 34. fxe3 exd4 35. exd4 Bf8 36. Ng5 f6 37. Ne6 Ke7 38. Nxf8 Kxf8 39. Rc1 Ke7 40. Rc7+ Kd8 41. Rh7 Ke8 42. Rxh5 Kf7 43. Rd5 Ke6 44. b4 Kd7 45. b5 Kc8 46. Rxd6 Kb7 47. Rc6 Ka7 48. b6+ Ka6 49. d5 Kb7 50. h4 Ka6 51. h5 Kb5 52. h6 Kb4 53. h7 Kb3 54. h8=Q Kb2 55. Qxf6+ Kb3 56. Qc3+ Ka2 57. Qc2+ Ka3 58. Rc3+ Kb4 59. Qb3+ Ka5 60. Rc5+ Ka6 61. Qb5+ Kb7 62. Rc7+ Kb8 63. Qe8# 1-0

[Event "Junior Online 4NCL Division 4"]
[Site "online"]
[Date "2021.09.16"]
[EventDate "2021.09.16"]
[Round "3.235"]
[White "Singh-Raj, Aryan"]
[WhiteElo "1154"]
[WhiteTeam "JHJ Shark Tank 8"]
[Black "Platt, Bella"]
[BlackElo "751"]
[BlackTeam "Knights of Fishponds"]
[Result "1-0"]
[PlyCount "85"]

1. e4 e5 2. Nf3 Nc6 3. Bc4 Nf6 4. Ng5 d5 5. exd5 Nxd5 6. Qf3 f6 7. Bxd5 Bc5 8. Bf7+ Ke7 9. Bd5 fxg5 10. Bxc6 bxc6 11. Qxc6 Bd7 12. Qxc5+ Ke6 13. Qc4+ Kf5 14. g4+ Kf6 15. Qa6+ Ke7 16. a3 Bxg4 17. d3 Rf8 18. Bxg5+ Ke8 19. Bxd8 Kxd8 20. Qc6 Bf3 21. Qxa8+ Bxa8 22. Rg1 Rg8 23. Nc3 g5 24. h4 h6 25. Ne4 c6 26. Nf6 Rg6 27. hxg5 Rxg5 28. Rxg5 hxg5 29. Ke2 Ke7 30. Nh7 c5 31. Nxg5 Kf6 32. Ne4+ Ke6 33. Nxc5+ Kd5 34. Ne4 Kd4 35. c3+ Kd5 36. Nf6+ Ke6 37. Ne4 Kd5 38. c4+ Kd4 39. Kd2 Bc6 40. Rh1 Ba4 41. Rh8 a5 42. Rd8+ Bd7 43. Rxd7# 1-0

[Event "Junior Online 4NCL Division 4"]
[Site "online"]
[Date "2021.09.16"]
[EventDate "2021.09.16"]
[Round "3.236"]
[White "McAllister, Frazer"]
[WhiteElo "850"]
[WhiteTeam "Knights of Fishponds"]
[Black "Bryant, Amelie"]
[BlackElo "1209"]
[BlackTeam "JHJ Shark Tank 8"]
[Result "0-1"]
[PlyCount "70"]

1. d4 d5 2. Bf4 Nc6 3. e4 Nf6 4. e5 Nh5 5. Be3 Qd7 6. Nf3 Qf5 7. Bd3 Qd7 8. Nc3 g6 9. b4 Nxb4 10. Bb5 c6 11. Be2 Qf5 12. Bd3 Nxd3+ 13. Qxd3 Qxd3 14. cxd3 Bf5 15. O-O-O O-O-O 16. h3 Ng7 17. g4 Bd7 18. Rhe1 f5 19. gxf5 Nxf5 20. Bf4 e6 21. Rd2 Bb4 22. Rb2 Bxc3 23. Rbe2 Bxe1 24. Rxe1 Be8 25. Bg5 Rd7 26. Bf6 Rf8 27. Bg7 Nxg7 28. Ng5 Rxf2 29. Nxh7 Nf5 30. Nf6 Rf7 31. Nxe8 Kd8 32. Nd6 Nxd6 33. exd6 Rxa2 34. Rxe6 Rf1+ 35. Re1 Rxe1# 0-1

[Event "Junior Online 4NCL Division 4"]
[Site "online"]
[Date "2021.09.16"]
[EventDate "2021.09.16"]
[Round "3.238"]
[White "Huke, Senna"]
[WhiteElo "850"]
[WhiteTeam "Knights of Fishponds"]
[Black "Bradshaw, Cleo"]
[BlackElo "1042"]
[BlackTeam "JHJ Shark Tank 8"]
[Result "1/2-1/2"]
[PlyCount "141"]

1. e4 e5 2. Nf3 Nc6 3. Nc3 Bc5 4. Bc4 Nf6 5. d3 d5 6. exd5 Na5 7. Nxe5 Nxc4 8. dxc4 Qe7 9. f4 g5 10. g3 gxf4 11. gxf4 Nh5 12. Qxh5 Rg8 13. Bd2 Rg7 14. Qd1 Rg1+ 15. Rxg1 Bxg1 16. Qh5 Bf5 17. Qxf5 Bxh2 18. Qxf7+ Qxf7 19. Nxf7 Kxf7 20. O-O-O Rg8 21. Rh1 Rg2 22. a4 Kg8 23. a5 Bg1 24. b4 b6 25. c5 bxc5 26. bxc5 Bxc5 27. Na4 Ba3+ 28. Kd1 Rg4 29. Rf1 Rg6 30. f5 Rd6 31. Nc3 Ra6 32. Rg1+ Kf7 33. Nb1 Bc5 34. Rh1 Rd6 35. c4 Rf6 36. Rxh7+ Kg8 37. Rxc7 Bd4 38. Rxa7 Bxa7 39. Nc3 Rxf5 40. d6 Rxa5 41. d7 Bb6 42. Nd5 Ra1+ 43. Ke2 Ba5 44. Nf4 Bxd2 45. Kxd2 Ra8 46. Ne6 Ra2+ 47. Ke3 Ra3+ 48. Kd4 Ra8 49. d8=Q+ Rxd8+ 50. Nxd8 Kf8 51. Ne6+ Ke7 52. Nc5 Kd6 53. Nb3 Kc6 54. Na5+ Kb6 55. Nb3 Kc6 56. Nd2 Kc7 57. Nf3 Kc6 58. Ng5 Kd6 59. Nh3 Kc6 60. Ng1 Kd6 61. Nf3 Kc6 62. Ne1 Kd6 63. Nd3 Kc6 64. Nf2 Kd6 65. Ng4 Kc6 66. Nh2 Kd6 67. Nf3 Kc6 68. Ng1 Kd6 69. Nh3 Kc6 70. Nf2 Kd6 71. Nh3 1/2-1/2

[Event "Junior Online 4NCL Division 4"]
[Site "online"]
[Date "2021.09.16"]
[EventDate "2021.09.16"]
[Round "3.252"]
[White "Munshi, Rayyan"]
[WhiteElo "745"]
[WhiteTeam "Manchester Juniors F"]
[Black "Choi, Ethan"]
[BlackElo "927"]
[BlackTeam "Surrey Kings 6"]
[Result "1-0"]
[PlyCount "69"]

1. e4 e5 2. Nf3 Nc6 3. Bc4 Bc5 4. O-O Nf6 5. Ng5 d6 6. Nxf7 Qe7 7. Nxh8 Bg4 8. Qe1 O-O-O 9. Nf7 Qxf7 10. Bxf7 Nd4 11. Na3 Rd7 12. Be6 Nxe6 13. d3 d5 14. exd5 Nxd5 15. Nb5 Bb4 16. Bd2 Bc5 17. Qxe5 c6 18. Nxa7+ Bxa7 19. Qg3 Bb8 20. Qxg4 g6 21. Qxe6 Nf4 22. Bxf4 h5 23. Bxb8 Kxb8 24. Qxd7 g5 25. Rfe1 Ka7 26. Re5 h4 27. Ra5+ Kb6 28. Qf5 g4 29. Ra8 g3 30. fxg3 hxg3 31. hxg3 Kc7 32. Qf7+ Kb6 33. Rb8 c5 34. Qxb7+ Ka5 35. Ra8# 1-0

[Event "Junior Online 4NCL Division 4"]
[Site "online"]
[Date "2021.09.16"]
[EventDate "2021.09.16"]
[Round "3.256"]
[White "Choi, Ethan"]
[WhiteElo "927"]
[WhiteTeam "Surrey Kings 6"]
[Black "Munshi, Rayyan"]
[BlackElo "745"]
[BlackTeam "Manchester Juniors F"]
[Result "0-1"]
[PlyCount "88"]

1. e4 e5 2. Nf3 Nc6 3. Bc4 Nf6 4. d3 Bc5 5. Nc3 O-O 6. Bg5 h6 7. Bxh6 gxh6 8. Nd2 d6 9. g4 Bxg4 10. f3 Bh3 11. Rg1+ Kh7 12. Rg3 Be6 13. Qe2 Bxc4 14. dxc4 Nh5 15. Rg4 Kh8 16. Qg2 Rg8 17. O-O-O Rxg4 18. fxg4 Nf4 19. Qg3 Bb4 20. h4 Bxc3 21. bxc3 Ne2+ 22. Kb2 Nxg3 23. g5 hxg5 24. hxg5 Kg7 25. g6 fxg6 26. Rg1 Ne2 27. Re1 Ng3 28. Nf3 Qf8 29. Nh4 Qf2 30. Rb1 Rh8 31. Nf5+ gxf5 32. exf5 Kf6 33. c5 dxc5 34. a4 Kxf5 35. Rd1 Rh1 36. Rd7 e4 37. Rxc7 e3 38. Rxb7 e2 39. Rxa7 Nxa7 40. c4 e1=Q 41. Kb3 Qf3+ 42. c3 Qexc3+ 43. Ka2 Rh2+ 44. Kb1 Qf1# 0-1

[Event "Junior Online 4NCL Division 4"]
[Site "online"]
[Date "2021.09.16"]
[EventDate "2021.09.16"]
[Round "3.261"]
[White "Doorduin, Lara"]
[WhiteElo "1078"]
[WhiteTeam "Wimbledon Juniors B"]
[Black "McAndrew, Rory"]
[BlackElo "1146"]
[BlackTeam "Ojays F"]
[Result "1-0"]
[PlyCount "85"]

1. d4 d5 2. c4 Nf6 3. Nc3 dxc4 4. e4 Nc6 5. d5 Nb4 6. Bxc4 a6 7. a3 b5 8. axb4 bxc4 9. Qa4+ Bd7 10. Qc2 c6 11. e5 Ng8 12. Qd2 e6 13. dxe6 Bxe6 14. Qe3 Bxb4 15. Qe4 Ne7 16. Bg5 Bxc3+ 17. bxc3 Bd5 18. Qg4 f6 19. exf6 gxf6 20. Bxf6 Rf8 21. Bxe7 Qxe7+ 22. Ne2 Rb8 23. Qg3 Be4 24. Qxb8+ Kf7 25. Qf4+ Ke8 26. Qg3 Bd3 27. Qe3 Be4 28. Rxa6 Kd7 29. Ra7+ Kd8 30. Rxe7 Kxe7 31. Qxe4+ Kd7 32. Qxh7+ Kd6 33. Qh6+ Kc5 34. Qxf8+ Kb6 35. h3 c5 36. h4 Kc7 37. h5 Kd7 38. h6 Ke6 39. h7 Kd5 40. h8=Q Kc6 41. Qhf6+ Kb5 42. Qb8+ Ka4 43. Qa6# 1-0

[Event "Junior Online 4NCL Division 4"]
[Site "online"]
[Date "2021.09.16"]
[EventDate "2021.09.16"]
[Round "3.263"]
[White "Power, Cormac"]
[WhiteElo "900"]
[WhiteTeam "Wimbledon Juniors B"]
[Black "Gray, Anna"]
[BlackElo "1000"]
[BlackTeam "Ojays F"]
[Result "0-1"]
[PlyCount "58"]

1. e4 e5 2. Nf3 Nc6 3. Bc4 Bc5 4. O-O Nf6 5. d3 h6 6. h3 d6 7. Be3 Bb6 8. g4 Be6 9. Nc3 Bxc4 10. dxc4 Bxe3 11. fxe3 Nd7 12. b3 O-O 13. h4 Nf6 14. g5 hxg5 15. hxg5 Ng4 16. b4 Nxe3 17. Qe2 Nxf1 18. Qxf1 Nxb4 19. Rc1 Nc6 20. g6 fxg6 21. Ng5 Rxf1+ 22. Kxf1 Qxg5 23. Ne2 Nd4 24. Ng1 Qxc1+ 25. Kg2 Qxc2+ 26. Kh1 Rf8 27. a3 Rf2 28. Nh3 Rh2+ 29. Kg1 Qg2# 0-1

[Event "Junior Online 4NCL Division 4"]
[Site "online"]
[Date "2021.09.16"]
[EventDate "2021.09.16"]
[Round "3.265"]
[White "McAndrew, Rory"]
[WhiteElo "1146"]
[WhiteTeam "Ojays F"]
[Black "Doorduin, Lara"]
[BlackElo "1078"]
[BlackTeam "Wimbledon Juniors B"]
[Result "0-1"]
[PlyCount "128"]

1. e4 c5 2. Nf3 d6 3. Bc4 Bg4 4. h3 Bh5 5. Nc3 Nc6 6. d3 Nd4 7. g4 Nxf3+ 8. Qxf3 Bg6 9. h4 h5 10. Rg1 e6 11. Bg5 f6 12. Bb5+ Kf7 13. Bc4 Be7 14. O-O-O a6 15. e5 b5 16. exf6 gxf6 17. Bb3 b4 18. Rde1 bxc3 19. Bxe6+ Kg7 20. gxh5 Rxh5 21. Bf4 Rxh4 22. Qg3 Qe8 23. Qxh4 f5 24. Qg3 cxb2+ 25. Kxb2 Rb8+ 26. Kc1 Bf6 27. Bxf5 Ne7 28. Qh3 Qh8 29. Qg3 Qh5 30. Bxd6 Nxf5 31. Qf4 Bb2+ 32. Kd2 Nxd6 33. Re7+ Kg8 34. Qxd6 Qh6+ 35. Ke1 Bc3+ 36. Kf1 Rb1+ 37. Kg2 Rxg1+ 38. Kxg1 Bg7 39. Qe6+ Kh7 40. Qxa6 Qg5+ 41. Kf1 Qxe7 42. Qc6 Qh4 43. Qxc5 Qh1+ 44. Ke2 Bh5+ 45. Kd2 Qh2 46. Qf5+ Bg6 47. Qf4 Qxf4+ 48. Kd1 Qxf2 49. Kc1 Bh6+ 50. Kb2 Qb6+ 51. Kc3 Bg7+ 52. Kd2 Qb4+ 53. Kc1 Qb2+ 54. Kd2 Bh6+ 55. Kd1 Qc1+ 56. Ke2 Qd2+ 57. Kf3 Kg7 58. c4 Kf6 59. c5 Qxd3+ 60. Kf2 Qe3+ 61. Kf1 Qd2 62. Kg1 Qe2 63. c6 Be3+ 64. Kh1 Be4# 0-1

[Event "Junior Online 4NCL Division 4"]
[Site "online"]
[Date "2021.09.16"]
[EventDate "2021.09.16"]
[Round "3.267"]
[White "Gray, Anna"]
[WhiteElo "1000"]
[WhiteTeam "Ojays F"]
[Black "Power, Cormac"]
[BlackElo "900"]
[BlackTeam "Wimbledon Juniors B"]
[Result "1-0"]
[PlyCount "43"]

1. e4 e5 2. Nf3 Nc6 3. Bc4 Nf6 4. d3 h6 5. O-O Bc5 6. Be3 O-O 7. Bxc5 Re8 8. Nc3 d6 9. Be3 Bg4 10. h3 Bxf3 11. Qxf3 Nb4 12. Rfc1 Nc6 13. Nd5 Rc8 14. Nxf6+ Kf8 15. Nxe8 Qxe8 16. Qf5 Rd8 17. Qh7 Ke7 18. Qxg7 Rd7 19. Bb5 a6 20. Bxc6 bxc6 21. Bxh6 Qf8 22. Qxf8+ 1-0

[Event "Junior Online 4NCL Division 4"]
[Site "online"]
[Date "2021.09.16"]
[EventDate "2021.09.16"]
[Round "3.271"]
[White "Vynnytskyy, Maxim"]
[WhiteElo "1062"]
[WhiteTeam "Surrey Kings 4"]
[Black "Li, Emmanuelle"]
[BlackElo "961"]
[BlackTeam "Ojays G"]
[Result "0-1"]
[PlyCount "54"]

1. e4 e5 2. Nf3 Nc6 3. Bc4 Nf6 4. Nc3 Bb4 5. a3 Bxc3 6. dxc3 O-O 7. Bg5 h6 8. Bh4 d6 9. O-O Bg4 10. h3 Bd7 11. Bxf6 Qxf6 12. Qd5 Be6 13. Qb5 a6 14. Qxb7 Bxc4 15. Rfe1 Ne7 16. Qxc7 Bb5 17. c4 Bc6 18. Red1 Bxe4 19. Rxd6 Qf4 20. Qxe7 Bxf3 21. gxf3 Qxf3 22. Qxe5 Rae8 23. Qa5 Re2 24. Qc5 Rfe8 25. Rxa6 Re1+ 26. Rxe1 Rxe1+ 27. Kh2 Rh1# 0-1

[Event "Junior Online 4NCL Division 4"]
[Site "online"]
[Date "2021.09.16"]
[EventDate "2021.09.16"]
[Round "3.272"]
[White "Gray, Kate"]
[WhiteElo "849"]
[WhiteTeam "Ojays G"]
[Black "Liu, Reuben"]
[BlackElo "908"]
[BlackTeam "Surrey Kings 4"]
[Result "0-1"]
[PlyCount "80"]

1. e4 c6 2. Nf3 d5 3. Nc3 Nf6 4. d4 Bg4 5. e5 Ne4 6. Be2 Nxc3 7. bxc3 c5 8. O-O cxd4 9. cxd4 e6 10. c3 Nc6 11. Rb1 b6 12. h3 Bh5 13. Bb5 Rc8 14. g4 Bg6 15. Rb2 Ba3 16. Rb3 Bxc1 17. Qxc1 O-O 18. Bxc6 Rxc6 19. Nd2 a5 20. f4 Bd3 21. Rf3 Be2 22. Re3 Bc4 23. Nxc4 dxc4 24. Rb2 h6 25. a4 Qb8 26. Qa1 f5 27. gxf5 Rxf5 28. Qf1 g5 29. Rf3 gxf4 30. Rxf4 Qf8 31. Rg2+ Kh7 32. Rgf2 b5 33. axb5 Rb6 34. Qa1 Rxb5 35. Qa4 Rd5 36. Qd7+ Rxd7 37. Kh2 Rxf4 38. Rg2 a4 39. Ra2 Rf2+ 40. Rxf2 Qxf2+ 0-1

[Event "Junior Online 4NCL Division 4"]
[Site "online"]
[Date "2021.09.16"]
[EventDate "2021.09.16"]
[Round "3.273"]
[White "Goldhawk, Harrison"]
[WhiteElo "959"]
[WhiteTeam "Surrey Kings 4"]
[Black "Hu, Siyu"]
[BlackElo "678"]
[BlackTeam "Ojays G"]
[Result "1-0"]
[PlyCount "43"]

1. e4 e5 2. Bc4 Nc6 3. d3 Nf6 4. Nf3 Bc5 5. Nc3 Ng4 6. O-O Qf6 7. Bg5 Qg6 8. Bd2 Qh5 9. Bg5 O-O 10. Bh4 Rd8 11. Bxd8 Qh6 12. Bg5 Nd4 13. Bxh6 Nxh6 14. Nxe5 Ndf5 15. exf5 Nxf5 16. Qf3 Nh4 17. Qxf7+ Kh8 18. Na4 h6 19. Nxc5 d6 20. Ng6+ Kh7 21. Nf8+ Kh8 22. Qg8# 1-0

[Event "Junior Online 4NCL Division 4"]
[Site "online"]
[Date "2021.09.16"]
[EventDate "2021.09.16"]
[Round "3.275"]
[White "Li, Emmanuelle"]
[WhiteElo "961"]
[WhiteTeam "Ojays G"]
[Black "Vynnytskyy, Maxim"]
[BlackElo "1062"]
[BlackTeam "Surrey Kings 4"]
[Result "0-1"]
[PlyCount "124"]

1. e4 e5 2. Nf3 Nc6 3. Nc3 Nf6 4. Bb5 Bc5 5. O-O O-O 6. d3 a6 7. Bxc6 dxc6 8. Nxe5 Qd6 9. Bf4 Bg4 10. Qe1 Nh5 11. Bg3 Nxg3 12. Nxg4 Nxf1 13. Qxf1 Qf4 14. Ne3 Bd6 15. g3 Qf3 16. Qg2 Qf6 17. Ng4 Qg5 18. Ne3 Bc5 19. Ncd1 Rae8 20. h4 Qh5 21. g4 Qxh4 22. Qh2 Qxh2+ 23. Kxh2 Bd6+ 24. Kg1 Re5 25. Nc4 Rg5 26. Nde3 Bf4 27. Ng2 Rxg4 28. Kf1 Bh2 29. Nge3 Rg1+ 30. Ke2 Rxa1 31. a3 Bf4 32. Ng4 Rg1 33. Nge3 Bxe3 34. fxe3 Re8 35. Kf2 Rh1 36. Kg2 Rc1 37. Kf2 Rxc2+ 38. Kf3 Re6 39. Kf4 Rh6 40. Ne5 Rf2+ 41. Kg5 Rg2+ 42. Kf5 f6 43. Ke6 fxe5+ 44. Kxe5 Rg5+ 45. Kf4 Rc5 46. d4 Ra5 47. b4 Rxa3 48. e5 Kf7 49. Kf5 Rxe3 50. Kf4 Reh3 51. b5 axb5 52. d5 cxd5 53. e6+ Kxe6 54. Kg4 Ra3 55. Kf4 Rh5 56. Kg4 Re5 57. Kf4 Ra4+ 58. Kf3 Ree4 59. Kg3 Re3+ 60. Kf2 Rb3 61. Ke2 Ra2+ 62. Ke1 Rb1# 0-1

[Event "Junior Online 4NCL Division 4"]
[Site "online"]
[Date "2021.09.16"]
[EventDate "2021.09.16"]
[Round "3.276"]
[White "Liu, Reuben"]
[WhiteElo "908"]
[WhiteTeam "Surrey Kings 4"]
[Black "Gray, Kate"]
[BlackElo "849"]
[BlackTeam "Ojays G"]
[Result "1-0"]
[PlyCount "67"]

1. e4 e5 2. Nf3 Nc6 3. Bb5 d6 4. O-O Bd7 5. c3 Nf6 6. d4 Nxe4 7. Re1 Bf5 8. dxe5 dxe5 9. Qxd8+ Rxd8 10. Bg5 Rd5 11. Na3 Bxa3 12. Bxc6+ bxc6 13. bxa3 O-O 14. c4 Rd4 15. Nxd4 exd4 16. Rad1 c5 17. f3 Nc3 18. Be7 Ra8 19. Bxc5 Nxd1 20. Rxd1 Rd8 21. Bxd4 Re8 22. Bxa7 h6 23. g4 Bc2 24. Rd7 Re1+ 25. Kf2 Re6 26. Rxc7 Bd3 27. a4 Re2+ 28. Kg3 g5 29. Rd7 Bxc4 30. h4 Re1 31. Rd8+ Kg7 32. Bd4+ Kh7 33. Rh8+ Kg6 34. h5# 1-0

[Event "Junior Online 4NCL Division 4"]
[Site "online"]
[Date "2021.09.16"]
[EventDate "2021.09.16"]
[Round "3.277"]
[White "Hu, Siyu"]
[WhiteElo "678"]
[WhiteTeam "Ojays G"]
[Black "Goldhawk, Harrison"]
[BlackElo "959"]
[BlackTeam "Surrey Kings 4"]
[Result "0-1"]
[PlyCount "66"]

1. e4 e5 2. Nf3 Nc6 3. Bc4 Bc5 4. O-O Nf6 5. Ng5 Nxe4 6. Bxf7+ Ke7 7. Na3 Nxg5 8. Nc4 Nxf7 9. Qe1 Kf8 10. Qe4 Qg5 11. Qf3 d6 12. Ne3 Bxe3 13. Re1 Bd4 14. d3 e4 15. a4 Bg4 16. Ra3 Bxf3 17. Bxg5 Bxf2+ 18. Kf1 Bxe1 19. Kxe1 Bxg2 20. Rc3 Nce5 21. Rxc7 Nf3+ 22. Kd1 N7xg5 23. c4 e3 24. b3 Bf1 25. d4 e2+ 26. Kc1 e1=Q+ 27. Kc2 Qe2+ 28. Kc3 Ne4+ 29. Kb4 b6 30. Kb5 Nxd4+ 31. Kb4 a6 32. Ka3 Qd1 33. Kb4 Nc2# 0-1

[Event "Junior Online 4NCL Division 4"]
[Site "online"]
[Date "2021.09.30"]
[EventDate "2021.09.30"]
[Round "4.12"]
[White "Sethi, Siddharth"]
[WhiteElo "1232"]
[WhiteTeam "Chess Challengers D"]
[Black "Shan-Muhammad, Rohan"]
[BlackElo "1097"]
[BlackTeam "KCS U13C"]
[Result "1-0"]
[PlyCount "127"]

1. e4 e5 2. Nc3 Nf6 3. f4 d6 4. Nf3 Nc6 5. Bc4 h6 6. d3 Be6 7. Bb3 Be7 8. O-O exf4 9. Bxf4 Qd7 10. d4 Bg4 11. h3 Bh5 12. Qd3 O-O 13. Qe3 Kh7 14. Rad1 Bg6 15. Ba4 Qc8 16. e5 dxe5 17. Bxe5 Nxe5 18. Nxe5 Qe6 19. d5 Qd6 20. Nb5 Qd8 21. Nxg6 fxg6 22. c4 b6 23. Nd4 Bc5 24. Qc3 Ne4 25. Qd3 Ng3 26. Rxf8 Qxf8 27. Qxg3 Bxd4+ 28. Rxd4 Qc5 29. Qe3 Rf8 30. Rd3 Qxc4 31. Bb3 Qh4 32. Rd1 Rf5 33. Qe1 Qg5 34. Rd4 Rf3 35. Rg4 Qe3+ 36. Qxe3 Rxe3 37. Bc2 Re5 38. Rxg6 Kh8 39. Bb3 Re2 40. Re6 Rxb2 41. Bc4 Rd2 42. Bb5 Rxd5 43. Bc4 Ra5 44. Re7 c5 45. Bd3 Kg8 46. Bc4+ Kf8 47. Rf7+ Ke8 48. Rxg7 Kd8 49. Rh7 Ra4 50. Bb3 Ra5 51. Rxh6 Rb5 52. g4 Rb4 53. g5 Re4 54. g6 Re1+ 55. Kf2 Re7 56. Rh7 Re6 57. Bxe6 Ke8 58. g7 Ke7 59. g8=Q+ Kd6 60. Qd8+ Kxe6 61. Re7+ Kf5 62. Qf8+ Kg6 63. Rg7+ Kh5 64. Qh8# 1-0

[Event "Junior Online 4NCL Division 4"]
[Site "online"]
[Date "2021.09.30"]
[EventDate "2021.09.30"]
[Round "4.13"]
[White "Kou, Victor"]
[WhiteElo "965"]
[WhiteTeam "KCS U13C"]
[Black "Khandelwal, Ritisha"]
[BlackElo "1220"]
[BlackTeam "Chess Challengers D"]
[Result "1-0"]
[PlyCount "41"]

1. e4 c6 2. Nf3 d5 3. exd5 cxd5 4. d4 Nf6 5. Bb5+ Bd7 6. Bxd7+ Nbxd7 7. Nc3 Nb6 8. b3 e6 9. a3 Bd6 10. Bg5 O-O 11. Nb5 Be7 12. O-O a6 13. Nc3 h6 14. Bd2 Qc7 15. Re1 Ng4 16. Ne5 Nxe5 17. Rxe5 Bd6 18. Rh5 e5 19. Bxh6 Kh7 20. Bxg7+ Kg8 21. Qg4 1-0

[Event "Junior Online 4NCL Division 4"]
[Site "online"]
[Date "2021.09.30"]
[EventDate "2021.09.30"]
[Round "4.14"]
[White "Bhaskaran, Adithya"]
[WhiteElo "1200"]
[WhiteTeam "Chess Challengers D"]
[Black "Hill-Wood, Oliver"]
[BlackElo "936"]
[BlackTeam "KCS U13C"]
[Result "0-1"]
[PlyCount "120"]

1. d4 d5 2. Nf3 Nc6 3. Nc3 Nf6 4. Bf4 Bg4 5. h3 Bxf3 6. exf3 e6 7. a3 Bd6 8. Bg5 O-O 9. Bb5 a6 10. Bxc6 bxc6 11. O-O h6 12. Bh4 Be7 13. Re1 Nh7 14. Bg3 Nf6 15. Na4 a5 16. Qd3 Bd6 17. Bh4 Be7 18. Rac1 Nh5 19. Bxe7 Qxe7 20. Nc5 Nf6 21. c4 Nd7 22. cxd5 Nxc5 23. Rxc5 cxd5 24. Rec1 Rfc8 25. Qc3 Ra7 26. Rxa5 Rxa5 27. Qxa5 Qd8 28. b4 Ra8 29. Qxc7 Qxc7 30. Rxc7 Rxa3 31. Rc8+ Kh7 32. b5 Rb3 33. Rb8 Rb4 34. b6 Rxd4 35. b7 Rb4 36. Kf1 Rb2 37. Ke1 Kg6 38. Kd1 Kf6 39. Kc1 Rb6 40. Kc2 Ke5 41. Kd3 Rb3+ 42. Kc2 Rb6 43. Kc3 Kd6 44. Kd4 Kc6 45. Rg8 Rxb7 46. Rxg7 Kd6 47. f4 Rb4+ 48. Ke3 Re4+ 49. Kf3 Ke7 50. Rh7 Re1 51. Rxh6 d4 52. Rh5 d3 53. Re5 d2 54. Re2 d1=Q 55. Ke3 Rxe2+ 56. Kf3 Qd3+ 57. Kg4 f5+ 58. Kg5 Rxf2 59. Kh4 Rxg2 60. Kh5 Qxh3# 0-1

[Event "Junior Online 4NCL Division 4"]
[Site "online"]
[Date "2021.09.30"]
[EventDate "2021.09.30"]
[Round "4.17"]
[White "Khandelwal, Ritisha"]
[WhiteElo "1220"]
[WhiteTeam "Chess Challengers D"]
[Black "Kou, Victor"]
[BlackElo "965"]
[BlackTeam "KCS U13C"]
[Result "0-1"]
[PlyCount "136"]

1. e4 e5 2. Nf3 Nc6 3. Bc4 Bc5 4. c3 d6 5. d4 Bb6 6. dxe5 Nxe5 7. Nxe5 dxe5 8. Qxd8+ Kxd8 9. Bxf7 Nf6 10. O-O Nxe4 11. Rd1+ Ke7 12. Bd5 Nxf2 13. Rf1 Rf8 14. Bg5+ Kd6 15. Bf3 e4 16. Rxf2 Bxf2+ 17. Kxf2 exf3 18. gxf3 Bf5 19. Nd2 Rae8 20. Nc4+ Kd7 21. Rd1+ Kc8 22. Ne3 b6 23. Nxf5 Rxf5 24. Be3 Rfe5 25. Rd3 Kb7 26. f4 Re4 27. Kf3 Kc8 28. Bd4 c5 29. Bxg7 c4 30. Rd4 Rxd4 31. Bxd4 Kd7 32. Kg4 Re2 33. f5 Rxh2 34. Kg5 Ke7 35. f6+ Kf7 36. Kf5 Rh5+ 37. Kg4 Rh2 38. b3 cxb3 39. axb3 Rg2+ 40. Kh5 Rg6 41. Kh4 Rxf6 42. Bxf6 Kxf6 43. Kg3 Ke5 44. Kf3 a5 45. Ke2 Kf4 46. Kf2 h5 47. b4 axb4 48. cxb4 h4 49. b5 Ke4 50. Kg2 Kd4 51. Kh3 Kc4 52. Kxh4 Kxb5 53. Kg3 Kc4 54. Kf2 Kc3 55. Ke2 Kc2 56. Ke3 Kc3 57. Ke2 b5 58. Kd1 Kb2 59. Kd2 b4 60. Kd3 b3 61. Kc4 Kc2 62. Kb4 b2 63. Ka3 b1=Q 64. Ka4 Qb2 65. Ka5 Kc3 66. Ka6 Kc4 67. Ka5 Kc5 68. Ka4 Qb4# 0-1

[Event "Junior Online 4NCL Division 4"]
[Site "online"]
[Date "2021.09.30"]
[EventDate "2021.09.30"]
[Round "4.18"]
[White "Hill-Wood, Oliver"]
[WhiteElo "936"]
[WhiteTeam "KCS U13C"]
[Black "Bhaskaran, Adithya"]
[BlackElo "1200"]
[BlackTeam "Chess Challengers D"]
[Result "1/2-1/2"]
[PlyCount "141"]

1. e4 e5 2. Nf3 Nc6 3. d4 exd4 4. Nxd4 Nxd4 5. Qxd4 d6 6. Qd1 Nf6 7. Bg5 Be7 8. Bxf6 Bxf6 9. Nc3 O-O 10. Bd3 Be6 11. O-O h6 12. Re1 Re8 13. Re3 Bd4 14. Rg3 Kh8 15. Qh5 Qf6 16. Rf3 Qe5 17. Qxe5 dxe5 18. Nb5 Bb6 19. a4 a6 20. Nc3 Bd4 21. Rb1 b6 22. Ne2 Kg8 23. Nxd4 exd4 24. Rg3 Kf8 25. f4 c5 26. f5 Bd7 27. b3 Bc6 28. Re1 Re5 29. Kf2 b5 30. axb5 axb5 31. Rf3 Rae8 32. Rf4 Ke7 33. g4 Kf6 34. h4 g5 35. fxg6+ Kxg6 36. Kf3 f6 37. Ra1 R8e6 38. Ra5 b4 39. Ra7 h5 40. gxh5+ Kxh5 41. Rh7+ Kg6 42. Rc7 Ba8 43. Rc8 Bb7 44. Rb8 Ba6 45. Bxa6 Rxa6 46. Kg4 Rae6 47. Rg8+ Kh7 48. Ra8 Rxe4 49. Ra7+ Kg6 50. h5+ Kh6 51. Rxe4 Rxe4+ 52. Kf5 Re2 53. Kxf6 Rxc2 54. Kf5 Rf2+ 55. Kg4 d3 56. Ra6+ Kh7 57. Rd6 d2 58. Kg3 Re2 59. Kf3 Rh2 60. Ke3 Rh3+ 61. Kxd2 Rxb3 62. Rc6 Rc3 63. Rb6 Kg7 64. Kd1 Rh3 65. Kc2 Rxh5 66. Kb3 Rg5 67. Kc4 Rg6 68. Rb7+ Kh6 69. Kxc5 Rg4 70. Rxb4 Rxb4 71. Kxb4 1/2-1/2

[Event "Junior Online 4NCL Division 4"]
[Site "online"]
[Date "2021.09.30"]
[EventDate "2021.09.30"]
[Round "4.21"]
[White "Sajid, Saad"]
[WhiteElo "1380"]
[WhiteTeam "Chess Challengers B"]
[Black "Badhrinath, Adhvaith B"]
[BlackElo "1121"]
[BlackTeam "KEGS B"]
[Result "0-1"]
[PlyCount "68"]

1. e4 e5 2. Nf3 Nc6 3. Bc4 Nd4 4. Nxd4 exd4 5. d3 Nf6 6. e5 d5 7. Bb3 Nd7 8. Bxd5 Nxe5 9. Bb3 Bg4 10. f3 Qh4+ 11. g3 Nxf3+ 12. Qxf3 Bxf3 13. gxh4 Bxh1 14. Ba4+ c6 15. Bf4 Be7 16. Bg3 O-O 17. Nd2 Rfe8 18. Kf2 Bd5 19. Re1 Bb4 20. Rxe8+ Rxe8 21. Nc4 b5 22. Bb3 bxc4 23. dxc4 Be4 24. a3 Bc5 25. Kg1 d3+ 26. Kf1 dxc2 27. Bf4 Bd3+ 28. Kg2 Re1 29. Kf3 Be4+ 30. Kg3 c1=Q 31. Bxc1 Rxc1 32. Kf4 Re1 33. Kg3 Rg1+ 34. Kh3 Bf5# 0-1